LEADER 00993cam2 22002531 450 001 SOBE00041222 005 20140311121006.0 100 $a20140311d1898 |||||ita|0103 ba 101 $aita$alat 102 $aIT 200 1 $a<<4: >>Libro 5. e 6.$f[Titus Lucretius Carus] 210 $aTorino$cLoescher$d1898 215 $a319 p.$d21 cm 461 1$1001SOBE00041208$12001 $aT. Lucreti Cari De rerum natura libri sex / revisione del testo, commento e studi introduttivi di Carlo Giussani$v4 700 1$aLucretius Carus$b, Titus$3SOBA00002459$4070$071848 801 0$aIT$bUNISOB$c20140311$gRICA 850 $aUNISOB 852 $aUNISOB$jFondo|Cosenza$m161925 912 $aSOBE00041222 940 $aM 102 Monografia moderna SBN 941 $aM 957 $aFondo|Cosenza$b001126$i-4$fRilegato con: Fondo Cosenza 1126,2 e Fondo Cosenza 1126,3$gSI$d161925$hCosenza$rdono$tO$1menle$2UNISOB$3UNISOB$420140311121135.0$520140311121238.0$6menle 996 $aLibro 5. e 6$91712323 997 $aUNISOB LEADER 01218nam0 22002891i 450 001 UON00517463 005 20231205105528.441 010 $a978-27-11-62980-0 100 $a20230921d2022 |0itac50 ba 101 $afre 102 $aFR 105 $a|||| ||||| 200 1 $aHétérodoxes et non musulmans dans la pensée d?Ab? ??mid al-?az?l?$fEmmanuel Pisani 210 $aParis$cVrin$d2022 215 $a280 p.$d24 cm 410 1$1001UON00065545$12001 $aEtudes musulmanes$fDirecteurs: Etienne Gilson et Louis Gardet$v55 606 $aal-?az?l?, Ab? H?mid Mu?ammad$3UONC101711$2FI 620 $aFR$dParis$3UONL002984 676 $a297.1$cFonti dell'Islamismo$v21 700 1$aPISANI$bEmmanuel$3UONV291990$01591139 712 $aLibrairie Philosophique J. Vrin$3UONV267223$4650 801 $aIT$bSOL$c20240220$gRICA 899 $aSIBA - SISTEMA BIBLIOTECARIO DI ATENEO$2UONSI 912 $aUON00517463 950 $aSIBA - SISTEMA BIBLIOTECARIO DI ATENEO$dSI VO Afr VII A 123 $eSI 45549 5 123 996 $aHétérodoxes et non musulmans dans la pensée d?Ab? ??mid al-?az?l?$93904152 997 $aUNIOR